| 000 | 01580nam a2200361 c 4500 | ||
|---|---|---|---|
| 001 | 2567 | ||
| 003 | ES-MaCES | ||
| 005 | 20141221121616.0 | ||
| 008 | 941209s1994 sp ||| | spa d | ||
| 035 | _aCES19980025872m | ||
| 040 |
_aES-MaCES _bspa _cES-MaCES |
||
| 111 | 2 |
_aSemana monográfica _n9ª _d1994 _cMadrid _984 |
|
| 245 | 1 | 0 |
_aAprender para el futuro _b: aprendizaje y vida activa _cFundación Santillana, organizador |
| 260 |
_a[Madrid _bFundación Santillana _c1994] |
||
| 300 |
_a5 carpetas (15 unidades), 1 libro _c30 cm |
||
| 500 | _aTít. tomado de la cub. | ||
| 500 | _aEjemps. mecanografiados | ||
| 505 | 1 | _aContiene: tema I. El futuro del trabajo -- tema II. Impacto de las nuevas tecnologías -- tema III. Desarrollo humano sostenible -- tema IV. Educación básica y vida activa -- tema V. Educación superior y vida activa -- Convenio de colaboración entre el Instituto Nacional de Empleo y la Fundación para la Formación Continua -- Documento básico "Aprender para el futuro : aprendizaje y vida activa" | |
| 541 | _cGratuito | ||
| 650 | 4 |
_amercado de trabajo _928292 |
|
| 650 | 4 |
_afomento del empleo _930270 |
|
| 650 | 4 |
_acontratación _928323 |
|
| 650 | 4 |
_arelación formación empleo _929976 |
|
| 650 | 4 |
_anuevas tecnologías _930788 |
|
| 650 | 4 |
_acambio tecnológico _928236 |
|
| 650 | 4 |
_aenseñanza _927390 |
|
| 650 | 4 |
_adesarrollo sostenible _930785 |
|
| 653 | 1 | 0 | _aEducación |
| 710 | 2 |
_aFundación Santillana _ecol. _93905 |
|
| 902 | _aDOC Literatura gris | ||
| 942 |
_2CES _cBK _h4.0. |
||
| 999 |
_c2567 _d2567 |
||